000 00895nam a2200205 a 4500
008 060316s1974 ||||||||||||||||| || u
020 _a0471683299
050 _aTA 407.2 Pet
100 _aPeterson, Rudolph Earl
245 1 0 _aStress concentration factors charts and relations useful in making strength calculations for machine parts and structural elements
260 _aNew York :
_bJohn Wiley and Sons
_c1974
300 _axiv, 317 p. illus.
350 _a0.00
500 _aIncludes bibliographical references.
650 _aMECHANICAL ENGINEERING - TABLES
650 _aSTRAINS AND STRESSES - TABLES
650 _aSTRENGTH OF MATERIALS - TABLES
856 _uhttp://www.loc.gov/catdir/enhancements/fy0607/73009834-t.html
995 _D0.00
_FCBU-MAIN LIBRARY (Kitwe)
_H1
_I25.00
_M1
_UAVAILABLE
_ZAnnex Low-Usage Collection
999 _c58638
_d58638